Tablas de los logaritmos vulgares de los números desde 1 hasta 20000 y de las líneas trigonométricas : seguidas de otras muchas tablas de uso frecuente en las ciencias, las artes y el comercio...
Salvato in:
| Autore principale: | |
|---|---|
| Natura: | Libro |
| Lingua: | spagnolo |
| Pubblicazione: |
Imprenta de José Cruzado,
1871
|
| Edizione: | 18ª ed. |
| Catalogo: | MANES: Risultati della ricerca del catalogo della biblioteca |
| Libro di testo Classificazione: |
|
| Soggetti: | |
| Tags: |
Aggiungi Tag
Nessun Tag, puoi essere il primo ad aggiungerne!!
|
| Aggiunto a: | 2019-02-09 |
| Cambiato in: | 2025-05-07 |
MARC
| LEADER | 00000cam a2200000 4500 | ||
|---|---|---|---|
| 005 | 20250507134437.0 | ||
| 008 | 190210Q18711899esp 0000 00spa0d | ||
| 040 | |a uned |b spa |c entro-manes | ||
| 041 | 0 | |a spa | |
| 100 | 2 | |a Vázquez Queipo, Vicente . |9 21385 | |
| 245 | 1 | 0 | |a Tablas de los logaritmos vulgares de los números desde 1 hasta 20000 y de las líneas trigonométricas : |b seguidas de otras muchas tablas de uso frecuente en las ciencias, las artes y el comercio... |c por Vicente Vázquez Queipo |
| 250 | |a 18ª ed. | ||
| 260 | |j Madrid : |b Imprenta de José Cruzado, |c 1871 | ||
| 263 | |a 18?? | ||
| 300 | |a 1 v. (pág. var.) | ||
| 500 | |a Obra declarada de texto y premiada en la Exposición Universal de París de 1867 | ||
| 546 | |a España | ||
| 561 | |5 es-BUNED |3 L.T. 1432 |a España. Fondo Manes UNED |k MANES | ||
| 650 | 7 | |a Logaritmos |9 38582 |a Tablas |9 37967 | |
| 690 | 0 | |a MATE | |
| 942 | |2 ddc |c BK | ||
| 999 | |c 94621 |d 94621 | ||
| 999 | |c manes:94621 |d 94621 | ||